000 00640nam a2200193 4500
001 VA43934
003 ES-SlBCS
005 20210601155903.0
008 140520s1980 xxu||||| |||| 00| 0 spa d
041 _aspa
100 1 _aCoria Tapia, José
_93286
245 1 0 _aIntroducción a la Teología
_b:Temas de Teología para Universitarios
_cJosé Coria Tapia; Manuel Alarcón Vázquez, Adalberto Aranda Ramírez
260 _aMéxico :
_bLa Salle
_c, 1980
300 _a183 p.;
_c21 cm
650 0 4 _aTeología-Introducción
_9325674
700 1 _aAranda Ramírez, Adalberto
_981111
700 1 _aAlarcón Vázquez, Manuel
_981106
942 _cBK
999 _c823064
_d823064